00759nam a22001697a 4500003000900000008004100009040007100050082001800121100002500139245006600164260003300230300005300263505020200316650002700518650001300545650003100558AR-CdUCM190515b ||||| |||| 00| 0 spa d aMUNICIPALIDAD PROVINCIAL DEL CUSCOcBIBLIOTECA MUNICIPAL DEL CUSCO a970.74 /bV66 aVilla Rojas, Alfonso aLos lacandones :bsu origen, costumbres y problemas vitales / bAmérica Indígena,c1967. a137 páginas ;bfotografías, figuras,c24 cm. aContenido: Los lacandones: su origen, costumbres y problemas vitales -- Los lacandones: recursos económicos y organización social -- Los lacandones: sus dioses, ritos y creencias religiosas --  aIndígenas lacandones aMéxico aVida y costumbres sociales